Strongest Marvel Characters - Statistics

General Stats
  • This quiz has been taken 21 times
  • The average score is 14 of 50
Answer Stats
Hint Answer % Correct
17. C, V Thanos (Infinity Gauntlet)
82%
9. C The Beyonder
76%
1. C The One Above All
76%
22. C Galactus
71%
7. C The Living Tribunal
71%
14. C, V, M, S House of M Scarlet Witch
65%
34. C, S Odin
65%
12. C Franklin Richards
59%
30. V Infinity Engine Ultron
53%
15. C, O Molecule Man
47%
48. Captain Marvel
41%
18. C Eternity
41%
5. C, V, M Phoenix Force Jean Grey
41%
38. C Silver Surfer
41%
24. C Sentry
35%
2. C The One Below All
35%
46. M Apocalypse
29%
31. C Dormammu
29%
49. M Iceman
29%
35. C, S Mephisto
29%
36. C, S Zeus
29%
20. C, O Death
24%
44. Hercules
24%
19. C, O Infinity
24%
8. C, O, V, S Living Tribunal Adam Warlock
24%
25. C, O Mad Jim Jaspers
24%
37. C, O Annihilus
18%
11. C, V, S God Emperor Doom
18%
13. C, V, M Legion (Weaver)
18%
10. C, V, S Rune King Thor
18%
6. C The First Firmament
18%
3. C The Fulcrum
18%
4. C, V TOBA Hulk
18%
32. C Kronos
12%
21. C, O Oblivion
12%
43. O, M Proteus
12%
40. Surtur
12%
41. O Vulcan
12%
16. C, O Abraxes
6%
23. C Arishem the Judge
6%
42. O Gladiator
6%
26. C, V, S God of Stories Loki
6%
33. C, V Gorr the God Butcher (All Black Necrosword)
6%
50. Kang the Conqueror
6%
28. C, O, V All Rider (Robbie Reyes)
0%
47. Black Bolt
0%
27. C, O, V, S Black Priest Strange
0%
29. C, O Lord Chaos & Master Order
0%
45. M, V Magneto (Onslaught)
0%
39. Ymir
0%
No matching quizzes found
Score Distribution
Percent of People with Each Score
Percentile by Number Answered
Your Score History
You have not taken this quiz